000 00628nam a22001817a 4500
999 _c186254
_d186254
005 20220218162158.0
010 _aENG-131675
020 _a978-81-953917-4-5
_c982.00
035 _aEN-115207
037 _bDBAD
082 _a519.23
245 _aProbability theory and stochanstic processes/
_cPatra P.Santosh Kumar...[et-al]
260 _aHyderabad
_bStudentsHelpline
_c2021
270 _a# 326/C, Level-2, Surneni Nilayam Near B K Guda Park, S R Nagar
_bHyderabad
_e500038
_k4023710657, 238000657
300 _axvi, 568p.
_c24cm(pbk)
700 _aPatra, P. Santosh Kumar
942 _2ddc
_cEN
_h519.23
_mPAT